Extension of the Periods for Consent to and Payment of Quota Increases.

This paper proposes a further six-month extension of the period for members to consent to an increase in their quotas under the Fourteenth General Review of Quotas ('Fourteenth Review') through December 29, 2017. The current deadline is due to expire on June 30, 2017. However, Board of Gov...

पूर्ण विवरण

ग्रंथसूची विवरण
निगमित लेखक: International Monetary Fund
स्वरूप: पत्रिका
भाषा:English
प्रकाशित: Washington, D.C. : International Monetary Fund, 2017.
श्रृंखला:Policy Papers; Policy Paper ; No. 2017/034
विषय:
ऑनलाइन पहुंच:Full text available on IMF
LEADER 01940cas a2200253 a 4500
001 AALejournalIMF020707
008 230101c9999 xx r poo 0 0eng d
020 |c 5.00 USD 
020 |z 9781498346689 
022 |a 2663-3493 
040 |a BD-DhAAL  |c BD-DhAAL 
110 2 |a International Monetary Fund. 
245 1 0 |a Extension of the Periods for Consent to and Payment of Quota Increases. 
264 1 |a Washington, D.C. :  |b International Monetary Fund,  |c 2017. 
300 |a 1 online resource (5 pages) 
490 1 |a Policy Papers 
500 |a <strong>Off-Campus Access:</strong> No User ID or Password Required 
500 |a <strong>On-Campus Access:</strong> No User ID or Password Required 
506 |a Electronic access restricted to authorized BRAC University faculty, staff and students 
520 3 |a This paper proposes a further six-month extension of the period for members to consent to an increase in their quotas under the Fourteenth General Review of Quotas ('Fourteenth Review') through December 29, 2017. The current deadline is due to expire on June 30, 2017. However, Board of Governors Resolution No. 66-2 provides that the Executive Board may extend the period for consent as it may determine. An extension under Resolution No. 66-2 will also extend the periods of consent for quota increases under the 2008 Reform of Quota and Voice (Resolution No. 63-2) and the Eleventh General Review of Quotas (Resolution No. 53-2). This paper also proposes a further six-month extension of the period for payment of quota increases under the Fourteenth Review, and an extension for the payment of the quota increases under the 2008 Reform, through December 29, 2017. 
538 |a Mode of access: Internet 
651 7 |a Syrian Arab Republic  |2 imf 
830 0 |a Policy Papers; Policy Paper ;  |v No. 2017/034 
856 4 0 |z Full text available on IMF  |u http://elibrary.imf.org/view/journals/007/2017/034/007.2017.issue-034-en.xml  |z IMF e-Library